Statistics for Countries Closest to Rwanda

Click here to take the quiz!

General Stats

  • This quiz has been taken 830 times
  • The average score is 18 of 20

Answer Stats

kmcountrymiles% Correct
0Democratic Republic
of the Congo
0
98%
0Uganda0
97%
372Kenya231
96%
0Tanzania0
96%
0Burundi0
95%
1256Republic of the Congo780
95%
872Ethiopia542
93%
1121Mozambique697
93%
507South Sudan315
93%
610Zambia379
93%
1423Zimbabwe884
93%
1134Somalia705
92%
1170Sudan727
91%
751Central African Republic466
89%
941Angola585
87%
1547Chad961
87%
815Malawi506
85%
1491Cameroon927
80%
1600Gabon994
79%
1703Comoros1058
61%

Score Distribution

Percentile by Number Answered

Percent of People with Each Score

Your Score History

You have not taken this quiz